[Event "SW Autumn"]
[Site "?"]
[Date "2022.10.15"]
[Round "3"]
[White "Frame, Robert"]
[Black "Westcott, Dale"]
[Result "0-1"]
[WhiteElo "1042"]
[BlackElo "1625"]
[PlyCount "102"]

1. e4 c6 2. d4 d5 3. e5 c5 4. Nf3 Nc6 5. Bb5 Bg4 6. Bxc6+ bxc6 7. O-O e6 8. Nbd2 cxd4 9. h3 Bxf3 10. Nxf3 c5 11. Bd2 Ne7 12. c4 dxc4 13. Qa4+ Qd7 14. Qxc4 Nd5 15. Bg5 Be7 16. Bxe7 Qxe7 17. Qb5+ Kf8 18. Rac1 Rc8 19. Nxd4 g6 20. Nc6 Qg5 21. Qxc5+ Kg7 22. Qxa7 Nf4 23. g3 Ne2+ 24. Kg2 Nxc1 25. f4 Qf5 26. Qa4 Qd3 27. Rf3 Qd2+ 28. Rf2 Qd5+ 29. Rf3 Rxc6 30. h4 Rhc8 31. g4 Rc2+ 32. Kg3 Ne2+ 33. Kg2 Nc3+ 34. Qxc2 Ne4 35. Qxc8 Nd2 36. Qc3 Nxf3 37. Qxf3 Qxa2 38. Qc3 Qa8+ 39. Kg3 Qa1 40. f5 Qg1+ 41. Kf4 Qh2+ 42. Ke4 gxf5+ 43. gxf5 Qxh4+ 44. Kf3 Qh3+ 45. Kf4 Qxf5+ 46. Kg3 h5 47. Qd4 Qg5+ 48. Kh3 Kg6 49. b4 Qf5+ 50. Kg3 Qb1 51. Qd3+ Qxd3+ 0-1

[Event "SW Autumn"]
[Site "?"]
[Date "2022.10.15"]
[Round "3"]
[White "Bennett, Tom"]
[Black "Scarpignato, Samuele"]
[Result "1/2-1/2"]
[WhiteElo "1597"]
[BlackElo "1500"]
[PlyCount "55"]

1. d4 f5 2. Nf3 Nf6 3. e3 e6 4. Bd3 Be7 5. Nbd2 d6 6. c3 O-O 7. Qc2 a5 8. e4 fxe4 9. Nxe4 Nxe4 10. Bxe4 h6 11. O-O Nc6 12. Bh7+ Kh8 13. Re1 Bf6 14. Be4 Bd7 15. Be3 Re8 16. Rad1 Rb8 17. Bf4 Re7 18. Qd2 Qf8 19. Bc2 Rbe8 20. Bg6 Rd8 21. Bg3 Be8 22. Bc2 Bf7 23. Qd3 Bg8 24. h4 Rde8 25. h5 e5 26. dxe5 Nxe5 27. Bxe5 Bxe5 28. Nxe5 1/2-1/2

[Event "SW Autumn"]
[Site "?"]
[Date "2022.10.15"]
[Round "3"]
[White "Rose, Isaac"]
[Black "Kandalasaran, Ganesh"]
[Result "0-1"]
[WhiteElo "1100"]
[BlackElo "1593"]
[PlyCount "48"]

1. g3 d6 2. Bg2 g6 3. d4 Nf6 4. c4 Bg7 5. Nc3 O-O 6. Qb3 c6 7. Bg5 Qc7 8. e4 e5 9. d5 cxd5 10. Nxd5 Nxd5 11. cxd5 Na6 12. Ne2 Nc5 13. Qe3 Qa5+ 14. Nc3 Qa6 15. Bf1 Qb6 16. Rb1 f5 17. Bg2 fxe4 18. Nxe4 Bf5 19. O-O Nxe4 20. Qxb6 axb6 21. Bxe4 Bxe4 22. Be7 Rfe8 23. Rbe1 Bxd5 24. Bxd6 Bc4 0-1

[Event "SW Autumn"]
[Site "?"]
[Date "2022.10.15"]
[Round "3"]
[White "Davies, Callum"]
[Black "Davies, Rhys"]
[Result "1-0"]
[WhiteElo "1762"]
[BlackElo "1208"]
[PlyCount "69"]

1. e4 d5 2. d4 dxe4 3. Nc3 f5 4. Bf4 e6 5. Nb5 Bd6 6. Nxd6+ cxd6 7. Bb5+ Bd7 8. Bc4 d5 9. Bb3 Nf6 10. h4 Nc6 11. Qd2 Qb6 12. O-O-O Nb4 13. Rh3 Rc8 14. Kb1 O-O 15. f3 a5 16. c3 Nd3 17. Be5 a4 18. fxe4 axb3 19. Rxd3 Nxe4 20. Qc1 bxa2+ 21. Ka1 h6 22. Re1 Qb3 23. Rxe4 fxe4 24. Rg3 Rf7 25. Ne2 Be8 26. Qxh6 Rf1+ 27. Nc1 Rxc1+ 28. Qxc1 g6 29. h5 Kh7 30. hxg6+ Kg8 31. Qh1 Kf8 32. Bd6+ Kg7 33. Qh7+ Kf6 34. Be5+ Kf5 35. Qh5# 1-0

[Event "SW Autumn"]
[Site "?"]
[Date "2022.10.15"]
[Round "3"]
[White "Williams, Stephen"]
[Black "Bickford, Ben"]
[Result "1-0"]
[WhiteElo "1591"]
[BlackElo "1317"]
[PlyCount "93"]

1. d4 Nf6 2. c4 e5 3. dxe5 Ng4 4. Bf4 Nc6 5. Nf3 Bb4+ 6. Nc3 Qe7 7. Qd5 f6 8. exf6 Qxf6 9. Bd2 Nge5 10. Nxe5 Qxe5 11. Qxe5+ Nxe5 12. e4 O-O 13. a3 Bxc3 14. Bxc3 Ng4 15. Bd4 d6 16. f3 Ne5 17. c5 Nc6 18. Bc4+ Kh8 19. Bf2 Ne5 20. Be2 dxc5 21. Bxc5 Rd8 22. Rd1 Rxd1+ 23. Kxd1 Be6 24. Kc2 b6 25. Bd4 Ng6 26. Rd1 Nf4 27. Bf1 a5 28. h3 a4 29. Kc3 Ng6 30. g3 Kg8 31. f4 Bb3 32. Rd2 Ne7 33. Be3 Kf8 34. e5 Nd5+ 35. Kd4 c5+ 36. Ke4 Rd8 37. h4 g6 38. g4 Ke7 39. f5 gxf5+ 40. gxf5 Nxe3 41. Kxe3 Rxd2 42. Kxd2 h6 43. Kc3 Bd1 44. Bc4 Bh5 45. f6+ Kf8 46. e6 Bg6 47. Bb5 1-0

[Event "SW Autumn"]
[Site "?"]
[Date "2022.10.16"]
[Round "4"]
[White "Toczek, Grzegorz"]
[Black "Brown, Thomas"]
[Result "1/2-1/2"]
[WhiteElo "2253"]
[BlackElo "2115"]
[PlyCount "73"]

1. e4 c5 2. c3 d5 3. exd5 Qxd5 4. d4 g6 5. Nf3 Bg7 6. Be3 cxd4 7. cxd4 Nf6 8. Nc3 Qd6 9. Rc1 Na6 10. Bc4 O-O 11. O-O Nc7 12. Qb3 Be6 13. Bxe6 Nxe6 14. Rfd1 Nc7 15. d5 b5 16. Nxb5 Nxb5 17. Qxb5 Rab8 18. Qc6 Rxb2 19. Bc5 Qd8 20. d6 exd6 21. Rxd6 Qb8 22. Be3 Ng4 23. Bf4 Qb4 24. Bg3 Rxa2 25. h3 Nh6 26. Rd7 Nf5 27. Rb7 Qa3 28. Bb8 Ra1 29. Rxa1 Qxa1+ 30. Kh2 Nd4 31. Nxd4 Bxd4 32. Bg3 a5 33. Qd5 a4 34. Rd7 Bb6 35. Rb7 Qd4 36. Qxd4 Bxd4 37. Rb4 1/2-1/2

[Event "SW Autumn"]
[Site "?"]
[Date "2022.10.16"]
[Round "4"]
[White "Bullen, Alex"]
[Black "Duke, Dillan"]
[Result "1-0"]
[WhiteElo "2099"]
[BlackElo "1945"]
[PlyCount "113"]

1. d4 d5 2. Nf3 Nf6 3. c4 c6 4. e3 e6 5. b3 Bb4+ 6. Nbd2 O-O 7. Bd3 c5 8. Bb2 cxd4 9. exd4 Nc6 10. O-O Bd7 11. Ne5 Rc8 12. a3 Bd6 13. Ndf3 Ne7 14. Re1 Bc6 15. c5 Bb8 16. b4 Ng6 17. Nxg6 hxg6 18. Ne5 Bxe5 19. Rxe5 a6 20. a4 Qe8 21. Qb3 Ra8 22. Ree1 Qe7 23. Bc1 Nh5 24. Bd2 Qf6 25. Qc3 Nf4 26. Bxf4 Qxf4 27. b5 axb5 28. axb5 Bd7 29. Rxa8 Rxa8 30. Ra1 Qb8 31. h3 Qe8 32. Ra5 Qd8 33. b6 Qe8 34. Qa3 Rxa5 35. Qxa5 Bc6 36. Qe1 Qa8 37. h4 Qa3 38. Qe3 Kf8 39. Kh2 Qc3 40. Be2 Qa1 41. Qe5 Qa4 42. h5 gxh5 43. Bxh5 g6 44. Bg4 Ke7 45. f4 Qc2 46. Bf3 Qc1 47. Kg3 Qd2 48. Kg4 Qf2 49. Kg5 Qg3+ 50. Kh6 Kf8 51. Qd6+ Ke8 52. Kg7 Qe1 53. Qf8+ Kd7 54. Qxf7+ Kd8 55. Qf8+ Kd7 56. Kf7 Qh4 57. Qe8# 1-0

[Event "SW Autumn"]
[Site "?"]
[Date "2022.10.16"]
[Round "4"]
[White "Jukes, Sam"]
[Black "Shelgaonkar, Yogesh"]
[Result "1-0"]
[WhiteElo "1902"]
[BlackElo "1240"]
[PlyCount "83"]

1. e4 c5 2. Nf3 d6 3. d4 cxd4 4. Qxd4 Nc6 5. Bb5 Bd7 6. Bxc6 Bxc6 7. Nc3 Nf6 8. Bg5 e6 9. O-O-O Be7 10. Rhe1 O-O 11. Kb1 h6 12. Bh4 b5 13. h3 e5 14. Qd3 Qb6 15. Bxf6 Bxf6 16. Qe3 Qc7 17. Nd5 Bxd5 18. Rxd5 Rac8 19. Qd3 Rfd8 20. Rd1 a6 21. Ne1 Qb6 22. Qe2 Rc5 23. g3 b4 24. Ng2 a5 25. Ne3 g6 26. Ng4 Bg7 27. Qd2 h5 28. Ne3 Bh6 29. Rxd6 Rxd6 30. Qxd6 Qxd6 31. Rxd6 Bxe3 32. fxe3 Rc4 33. Kc1 h4 34. g4 Rc5 35. Rd5 Rxd5 36. exd5 e4 37. c4 bxc3 38. bxc3 f5 39. gxf5 g5 40. Kd2 g4 41. Ke2 g3 42. c4 1-0

[Event "SW Autumn"]
[Site "?"]
[Date "2022.10.16"]
[Round "4"]
[White "Thomas, Roy"]
[Black "Rathbone-Jones, Ifan"]
[Result "0-1"]
[WhiteElo "1674"]
[BlackElo "1924"]
[PlyCount "58"]

1. f4 d5 2. Nf3 Nf6 3. e3 Bg4 4. Be2 e6 5. O-O c5 6. d3 Nc6 7. Nc3 d4 8. Ne4 dxe3 9. Bxe3 Nd5 10. Bd2 Be7 11. a3 Qc7 12. Nfg5 Bxe2 13. Qxe2 Nd4 14. Qd1 h6 15. Nf3 Nf5 16. Qe2 Nxf4 17. Bxf4 Qxf4 18. Nfg5 Qc7 19. Nxf7 O-O 20. Qh5 Rxf7 21. g4 Nd6 22. g5 Bxg5 23. Nxg5 hxg5 24. Rfe1 Qe7 25. Re5 Rf5 26. Rae1 Rxe5 27. Rxe5 Nf5 28. h4 Nxh4 29. Kf2 Qf6+ 0-1

[Event "SW Autumn"]
[Site "?"]
[Date "2022.10.16"]
[Round "4"]
[White "Westcott, Dale"]
[Black "Hatchett, Paul"]
[Result "1/2-1/2"]
[WhiteElo "1625"]
[BlackElo "1971"]
[PlyCount "47"]

1. d4 Nf6 2. Nc3 d5 3. Bf4 c6 4. e3 e6 5. Nf3 Bb4 6. Bd3 Nbd7 7. O-O Nf8 8. a3 Bd6 9. Bxd6 Qxd6 10. e4 dxe4 11. Nxe4 Nxe4 12. Bxe4 Ng6 13. c4 O-O 14. Bxg6 hxg6 15. c5 Qc7 16. Ne5 Rd8 17. Qg4 Rd5 18. Rad1 b6 19. b4 bxc5 20. bxc5 Rb8 21. Rb1 Rxb1 22. Rxb1 f6 23. Qxg6 fxe5 24. Qe8+ 1/2-1/2

[Event "SW Autumn"]
[Site "?"]
[Date "2022.10.16"]
[Round "4"]
[White "Turner, Joseph"]
[Black "Smith, Ellison"]
[Result "1-0"]
[WhiteElo "1865"]
[BlackElo "1420"]
[PlyCount "95"]

1. e4 e6 2. d4 d5 3. Nd2 c5 4. Ngf3 cxd4 5. exd5 Qxd5 6. Bc4 Qd6 7. O-O Nf6 8. Nb3 Nc6 9. Nbxd4 Nxd4 10. Qxd4 Qxd4 11. Nxd4 Bd7 12. Bb5 a6 13. Bxd7+ Nxd7 14. Rd1 Be7 15. Be3 Ne5 16. b3 O-O 17. h3 Rfd8 18. f4 Ng6 19. f5 exf5 20. Nxf5 Bf6 21. Rab1 Ne7 22. Nd6 Rd7 23. Ne4 Rad8 24. Nxf6+ gxf6 25. Rxd7 Rxd7 26. c4 Nf5 27. Kf2 Kg7 28. Rb2 Kg6 29. Rd2 Rxd2+ 30. Bxd2 Nd4 31. Ke3 Nc6 32. Ke4 f5+ 33. Kd5 Kh5 34. b4 Kh4 35. Be1+ Kg5 36. b5 axb5 37. cxb5 Nd8 38. a4 Ne6 39. Bd2+ f4 40. Ke5 Nc5 41. Bxf4+ Kg6 42. a5 f6+ 43. Kd5 Nd3 44. Bd2 Ne5 45. a6 bxa6 46. bxa6 Nd7 47. a7 Nb6+ 48. Kc6 1-0

[Event "SW Autumn"]
[Site "?"]
[Date "2022.10.16"]
[Round "4"]
[White "Gibbs, Dominic"]
[Black "Quinn, Peter"]
[Result "1/2-1/2"]
[WhiteElo "1845"]
[BlackElo "1659"]
[PlyCount "76"]

1. e4 Nf6 2. d3 e5 3. Nf3 Nc6 4. Be2 d5 5. Nbd2 Be7 6. O-O h6 7. c3 Be6 8. b4 a6 9. Bb2 O-O 10. a4 b5 11. axb5 axb5 12. d4 dxe4 13. Nxe5 Rxa1 14. Bxa1 Na7 15. Qc2 Bd5 16. Re1 Qa8 17. Nf1 Bd6 18. Ne3 Re8 19. N5g4 Nxg4 20. Bxg4 Be6 21. Be2 Qb7 22. Rd1 f5 23. d5 Bd7 24. c4 bxc4 25. Nxc4 Qxb4 26. Rb1 Qc5 27. Qb2 Re7 28. Nxd6 cxd6 29. Rc1 Qa5 30. Qb8+ Kh7 31. Bc3 Qa2 32. Bh5 Nc8 33. Qb4 Qxd5 34. Bd1 e3 35. Bf3 exf2+ 36. Kxf2 Qc5+ 37. Qxc5 dxc5 38. Bb2 g5 1/2-1/2

[Event "SW Autumn"]
[Site "?"]
[Date "2022.10.16"]
[Round "4"]
[White "Kandalasaran, Ganesh"]
[Black "Robinson, David"]
[Result "0-1"]
[WhiteElo "1593"]
[BlackElo "1832"]
[PlyCount "72"]

1. d4 Nf6 2. Nf3 d5 3. h3 Bf5 4. Bf4 e6 5. c3 c6 6. Qb3 Qb6 7. e3 Nbd7 8. Nbd2 Be7 9. Be2 O-O 10. O-O c5 11. Qxb6 axb6 12. Bb5 Rfc8 13. Rfc1 h6 14. Ne5 Nb8 15. Bd3 Bxd3 16. Nxd3 Nc6 17. Nf3 c4 18. Nde5 b5 19. b4 Ra3 20. Rc2 Nxe5 21. dxe5 Ne4 22. Nd4 Nxc3 23. Rac1 Bxb4 24. Rxc3 Rxc3 25. Rb1 Bc5 26. Nxb5 Rc2 27. Nd6 Rb8 28. a4 Ra2 29. Rb5 b6 30. e4 Bxf2+ 31. Kh2 Bc5 32. exd5 exd5 33. Nf5 Ra8 34. Be3 Bxe3 35. Nxe3 c3 36. Rxb6 d4 0-1

[Event "SW Autumn"]
[Site "?"]
[Date "2022.10.16"]
[Round "4"]
[White "Thomas, Mark"]
[Black "Horrell, Steve"]
[Result "1-0"]
[WhiteElo "1826"]
[BlackElo "1600"]
[PlyCount "79"]

1. e4 d5 2. exd5 Nf6 3. Nf3 Nxd5 4. d4 g6 5. c4 Nb6 6. Nc3 Bg7 7. Be3 Nc6 8. Be2 O-O 9. h3 Bf5 10. a3 Re8 11. O-O e5 12. d5 e4 13. dxc6 exf3 14. Bxf3 Rb8 15. cxb7 Qh4 16. Qe1 Bxc3 17. Qxc3 Be4 18. Bg4 Bxb7 19. g3 Qe7 20. Bh6 Qe5 21. Qxe5 Rxe5 22. Bf4 Rc5 23. b3 f5 24. Be2 Re8 25. Ra2 Ba8 26. Rc1 Nd7 27. b4 Rc6 28. c5 Ne5 29. Rc3 Kg7 30. b5 Rce6 31. c6 Nxc6 32. Bf3 Nd4 33. Rxc7+ Kh8 34. Bxa8 Rxa8 35. Kg2 Nxb5 36. Rb7 a6 37. Rd2 Rc8 38. Rdd7 Rc7 39. Bxc7 Nxc7 40. Rbxc7 1-0

[Event "SW Autumn"]
[Site "?"]
[Date "2022.10.16"]
[Round "4"]
[White "Penny, Liam"]
[Black "Bennett, Tom"]
[Result "1/2-1/2"]
[WhiteElo "1811"]
[BlackElo "1597"]
[PlyCount "55"]

1. d4 d6 2. e4 Nf6 3. Nc3 c6 4. Be3 Qc7 5. Qd2 e5 6. Nf3 Bg4 7. h3 Bh5 8. O-O-O Nbd7 9. g4 Bg6 10. Bd3 O-O-O 11. g5 Ne8 12. h4 Bh5 13. Be2 g6 14. d5 Kb8 15. dxc6 bxc6 16. Na4 Ng7 17. Qb4+ Ka8 18. Rd3 Ne6 19. Ra3 d5 20. Nb6+ Nxb6 21. Bxb6 Bxb4 22. Bxc7 Bxa3 23. Bxd8 Bxb2+ 24. Kxb2 Rxd8 25. exd5 cxd5 26. Re1 Nf4 27. Bd1 Rb8+ 28. Kc1 1/2-1/2

[Event "SW Autumn"]
[Site "?"]
[Date "2022.10.16"]
[Round "4"]
[White "Sharhorodskyi, Yaroslav"]
[Black "Davies, Callum"]
[Result "1/2-1/2"]
[WhiteElo "1571"]
[BlackElo "1760"]
[PlyCount "72"]

1. Nf3 Nf6 2. d4 e6 3. c4 b6 4. Nc3 Bb4 5. g3 O-O 6. Bg2 c6 7. O-O d5 8. a3 Bd6 9. Bf4 Bxf4 10. gxf4 Ne4 11. e3 f5 12. Ne5 Bb7 13. Bxe4 fxe4 14. Qg4 Qe7 15. f3 exf3 16. Rxf3 Nd7 17. Raf1 Nxe5 18. fxe5 Rxf3 19. Rxf3 Rf8 20. Rxf8+ Kxf8 21. cxd5 cxd5 22. Ne2 g5 23. Ng3 Ba6 24. Nh5 Qf7 25. Nf6 Qg6 26. e4 dxe4 27. Qxe6 e3 28. Nd7+ Kg7 29. Qxg6+ Kxg6 30. e6 Kg7 31. b3 Bb7 32. Ne5 Kf6 33. Ng4+ Kxe6 34. Nxe3 h5 35. Kf2 b5 36. b4 Be4 1/2-1/2

[Event "SW Autumn"]
[Site "?"]
[Date "2022.10.16"]
[Round "4"]
[White "Smith, Alun"]
[Black "Davies, Andrew"]
[Result "0-1"]
[WhiteElo "1722"]
[BlackElo "1124"]
[PlyCount "89"]

1. e4 d6 2. d4 Nf6 3. Nc3 g6 4. Nf3 Bg7 5. h3 c6 6. a4 O-O 7. Bc4 Nxe4 8. Nxe4 d5 9. Bxd5 cxd5 10. Nc5 Nc6 11. c3 e5 12. dxe5 Nxe5 13. O-O b6 14. Nb3 Re8 15. Nbd4 Qe7 16. Bf4 Nxf3+ 17. Nxf3 Be6 18. Re1 Qd7 19. Ne5 Qb7 20. Qf3 Rad8 21. h4 h5 22. Bg5 f6 23. Bxf6 Rf8 24. Nxg6 Rxf6 25. Qxh5 Qf7 26. Rxe6 Qxe6 27. Qg5 Re8 28. Nf4 Qf5 29. Nxd5 Qxg5 30. hxg5 Rfe6 31. Ne3 Re5 32. Rd1 R8e7 33. g6 Bh6 34. Rd8+ Re8 35. Rd7 Bxe3 36. fxe3 R8e7 37. Rd6 Kg7 38. b4 R5e6 39. Rd5 Kxg6 40. c4 Rxe3 41. c5 R3e5 42. Rd6+ R5e6 43. Rd5 bxc5 44. Rxc5 Re4 45. Ra5 0-1

[Event "SW Autumn"]
[Site "?"]
[Date "2022.10.16"]
[Round "4"]
[White "Proberty, Malcolm"]
[Black "Hurn, Robert"]
[Result "1/2-1/2"]
[WhiteElo "1569"]
[BlackElo "1630"]
[PlyCount "84"]

1. Nf3 Nf6 2. g3 g6 3. Bg2 Bg7 4. O-O O-O 5. c4 d6 6. d4 Nbd7 7. d5 e5 8. dxe6 fxe6 9. Nc3 a6 10. Rb1 Rb8 11. b3 Qe8 12. Bb2 b6 13. Qc2 Bb7 14. Rfe1 Rc8 15. Bh3 Bxf3 16. exf3 e5 17. f4 Rd8 18. fxe5 Nxe5 19. Bg2 Qd7 20. Rbd1 Qg4 21. Re3 Kh8 22. Rde1 Rde8 23. Nd5 Nxd5 24. cxd5 Qd7 25. f4 Ng4 26. Rxe8 Rxe8 27. Rxe8+ Qxe8 28. Bxg7+ Kxg7 29. Qxc7+ Kh8 30. Qc3+ Kg8 31. Bh3 Qe3+ 32. Qxe3 Nxe3 33. Be6+ Kg7 34. Kf2 Nd1+ 35. Ke1 Nc3 36. a4 a5 37. Kd2 Ne4+ 38. Kd3 Nc5+ 39. Kc4 Kf6 40. Bg8 h6 41. g4 g5 42. f5 Ke5 1/2-1/2

[Event "SW Autumn"]
[Site "?"]
[Date "2022.10.16"]
[Round "4"]
[White "Scarpignato, Samuele"]
[Black "Williams, Luke"]
[Result "1-0"]
[WhiteElo "1500"]
[BlackElo "1606"]
[PlyCount "118"]

1. d4 Nf6 2. Bf4 e6 3. e3 Bb4+ 4. c3 Be7 5. Nd2 O-O 6. h3 c5 7. Bd3 d5 8. Ngf3 h6 9. O-O Nc6 10. Re1 Re8 11. Rc1 Bd6 12. Ne5 Nxe5 13. dxe5 Bxe5 14. Bxe5 b6 15. e4 Bb7 16. Bg3 Qd7 17. e5 Nh7 18. Nf3 Rad8 19. a4 Bc6 20. b3 Qb7 21. Qe2 Rd7 22. Bb5 Red8 23. Bxc6 Qxc6 24. Red1 Nf8 25. Rd2 Ng6 26. h4 Ne7 27. h5 Nf5 28. Bf4 d4 29. cxd4 Nxd4 30. Nxd4 Rxd4 31. Rcd1 Qd5 32. Be3 Rxd2 33. Rxd2 Qa8 34. Rxd8+ Qxd8 35. Qd2 Qd5 36. Qxd5 exd5 37. Kf1 Kf8 38. Ke2 Ke7 39. g4 Ke6 40. f4 a6 41. Kd3 d4 42. Bf2 Kd5 43. Bg3 b5 44. axb5 axb5 45. Be1 c4+ 46. bxc4+ bxc4+ 47. Kc2 Ke4 48. Bd2 c3 49. Bc1 Kd5 50. Kd3 Kc5 51. g5 Kd5 52. Kc2 Kc4 53. g6 d3+ 54. Kd1 d2 55. Bxd2 cxd2 56. gxf7 g5 57. fxg5 Kd3 58. gxh6 Ke4 59. f8=Q Kd5 1-0

[Event "SW Autumn"]
[Site "?"]
[Date "2022.10.16"]
[Round "4"]
[White "Wu, Yuxuan"]
[Black "Macdonald, Duncan"]
[Result "1/2-1/2"]
[WhiteElo "1531"]
[BlackElo "1537"]
[PlyCount "125"]

1. d4 Nf6 2. c4 e5 3. dxe5 Ng4 4. Nf3 Bc5 5. e3 Nc6 6. Be2 Ngxe5 7. O-O O-O 8. Nc3 Nxf3+ 9. Bxf3 Ne5 10. Be2 d6 11. b3 Bf5 12. Na4 Bb6 13. Bb2 Be4 14. Nxb6 axb6 15. f4 Nc6 16. Bf3 Qe7 17. Bxe4 Qxe4 18. Rf3 Nb4 19. Rg3 f6 20. Qg4 Qg6 21. Qxg6 hxg6 22. Rxg6 Nc2 23. Rc1 Nxe3 24. a3 Kf7 25. Rg3 Nf5 26. Rd3 Rfe8 27. b4 Re2 28. Ba1 Ra2 29. c5 bxc5 30. bxc5 R8xa3 31. Rxa3 Rxa3 32. cxd6 cxd6 33. Bb2 Rb3 34. Rc7+ Kg6 35. Bc1 b5 36. g4 Nh6 37. f5+ Kh7 38. Bxh6 Kxh6 39. Rd7 Rd3 40. Rb7 Rd4 41. h3 b4 42. Kg2 d5 43. Kg3 Rd3+ 44. Kf4 Rxh3 45. Rxb4 Rd3 46. Rb7 g5+ 47. fxg6 Kxg6 48. Rd7 Rd1 49. Rd8 d4 50. Rd5 d3 51. Kf3 Rh1 52. Kg2 Rd1 53. Kf3 d2 54. Ke3 Rg1 55. Kxd2 Rxg4 56. Ke3 Ra4 57. Rd3 f5 58. Kf2 Kg5 59. Rb3 Kf4 60. Kf1 Ra2 61. Rc3 Kg4 62. Rb3 f4 63. Rc3 1/2-1/2

[Event "SW Autumn"]
[Site "?"]
[Date "2022.10.16"]
[Round "4"]
[White "Szakmany, Bence"]
[Black "Parri, Deio"]
[Result "1-0"]
[WhiteElo "1431"]
[BlackElo "1632"]
[PlyCount "77"]

1. e4 e6 2. d4 d5 3. Nd2 dxe4 4. Nxe4 Nf6 5. Bd3 Nbd7 6. Nf3 Be7 7. Bd2 b6 8. Ne5 Bb7 9. Qe2 O-O 10. h4 Nxe4 11. Bxe4 Bxe4 12. Qxe4 Nf6 13. Qd3 Qd5 14. c4 Qe4+ 15. Qxe4 Nxe4 16. Be3 Bb4+ 17. Ke2 Rfe8 18. Rhc1 Bf8 19. Bf4 c5 20. f3 Nf6 21. dxc5 Bxc5 22. g4 Bd4 23. Rc2 Bxe5 24. Bxe5 Nd7 25. Bg3 Rac8 26. Rd1 Nf8 27. b3 f6 28. Rcd2 e5 29. Ke3 Kf7 30. h5 Ke7 31. f4 Red8 32. fxe5 Rxd2 33. Rxd2 Rd8 34. exf6+ gxf6 35. Rxd8 Kxd8 36. Ke4 Ke7 37. Kd5 Kd7 38. Bh4 Ke7 39. Kc6 1-0

[Event "SW Autumn"]
[Site "?"]
[Date "2022.10.16"]
[Round "4"]
[White "Wang, Andy"]
[Black "Williams, Stephen"]
[Result "1/2-1/2"]
[WhiteElo "1399"]
[BlackElo "1591"]
[PlyCount "66"]

1. d4 Nf6 2. Bf4 d5 3. Nf3 c5 4. e3 Nc6 5. Nc3 a6 6. Be2 cxd4 7. exd4 Bg4 8. h3 Bxf3 9. Bxf3 e6 10. Rb1 Qb6 11. Be3 Bd6 12. O-O O-O 13. Ne2 Rac8 14. c3 Qc7 15. Qd2 Na5 16. Bf4 Nc4 17. Qc1 e5 18. Bg5 e4 19. Bg4 Nxg4 20. hxg4 Qd7 21. f3 Rfe8 22. Re1 f5 23. Nf4 Bxf4 24. Qxf4 fxg4 25. fxe4 dxe4 26. Rxe4 Rxe4 27. Qxe4 Re8 28. Qf4 h6 29. Bh4 g5 30. Bxg5 hxg5 31. Qxg5+ Kh8 32. Qh5+ Kg8 33. Qg5+ Kh8 1/2-1/2

[Event "SW Autumn"]
[Site "?"]
[Date "2022.10.16"]
[Round "4"]
[White "Davies, Rhys"]
[Black "Ley, Cyril"]
[Result "1/2-1/2"]
[WhiteElo "1208"]
[BlackElo "1567"]
[PlyCount "72"]

1. d4 Nf6 2. Bf4 g6 3. e3 Bg7 4. Nd2 O-O 5. Bd3 d6 6. Ngf3 Nbd7 7. O-O c6 8. c3 Qc7 9. Re1 e5 10. dxe5 dxe5 11. Bg3 Nh5 12. Be4 Nxg3 13. fxg3 Rd8 14. b4 Nf6 15. Qb3 Be6 16. Qc2 Bd5 17. Rad1 Re8 18. c4 Bxe4 19. Nxe4 Nxe4 20. Qxe4 Qe7 21. c5 Rad8 22. Nd2 f5 23. Qc4+ Kh8 24. e4 Rd4 25. Qc2 Qe6 26. Qb1 Red8 27. Re2 Bh6 28. Qc2 Qd7 29. Qc3 Bxd2 30. Rexd2 Rxd2 31. Rxd2 Qxd2 32. Qxe5+ Kg8 33. Qe6+ Kg7 34. Qe7+ Kg8 35. Qe6+ Kf8 36. Qf6+ Ke8 1/2-1/2

[Event "SW Autumn"]
[Site "?"]
[Date "2022.10.16"]
[Round "4"]
[White "Enoch, Stuart"]
[Black "Rose, Isaac"]
[Result "1/2-1/2"]
[WhiteElo "1440"]
[BlackElo "1100"]
[PlyCount "71"]

1. b3 a5 2. Bb2 a4 3. e4 e6 4. c4 axb3 5. axb3 Rxa1 6. Bxa1 Nc6 7. Nf3 d6 8. d4 Nf6 9. d5 exd5 10. exd5 Qe7+ 11. Be2 Ne5 12. O-O Nxf3+ 13. Bxf3 Qd8 14. Re1+ Be7 15. Bxf6 gxf6 16. Qd4 O-O 17. Nd2 Bf5 18. Be4 Bg6 19. Re3 f5 20. Bc2 Bf6 21. Qa7 f4 22. Bxg6 fxe3 23. Bxh7+ Kxh7 24. Qxe3 Bg5 25. Qh3+ Kg6 26. Qg3 Kh7 27. Qh3+ Kg8 28. Qg4 Qe7 29. Nf3 Ra8 30. h4 f6 31. hxg5 fxg5 32. Nxg5 Qg7 33. Qe6+ Kf8 34. Qf5+ Ke8 35. Qe6+ Qe7 36. Qg8+ 1/2-1/2

[Event "SW Autumn"]
[Site "?"]
[Date "2022.10.16"]
[Round "4"]
[White "Hollyman, Michael"]
[Black "Frame, Robert"]
[Result "0-1"]
[WhiteElo "1437"]
[BlackElo "1042"]
[PlyCount "72"]

1. c4 f5 2. Nc3 Nf6 3. g3 g6 4. Bg2 Bg7 5. e3 c6 6. Nge2 O-O 7. O-O d6 8. d4 Na6 9. b3 Rb8 10. Qc2 Bd7 11. a3 Nc7 12. Rd1 b5 13. c5 d5 14. b4 Ne6 15. f3 a5 16. Kf2 Qc7 17. Rh1 a4 18. Bd2 Ng5 19. e4 Nf7 20. e5 Nh5 21. Rae1 Be6 22. h3 Bh8 23. g4 Ng7 24. Nf4 g5 25. Nxe6 Nxe6 26. gxf5 Nxd4 27. Qd3 Bxe5 28. Kf1 Qd7 29. Rxe5 Nxe5 30. Qxd4 Qxf5 31. Ke2 Nxf3 32. Qe3 Nxd2 33. Kxd2 Qf2+ 34. Kd3 Qxg2 35. Qe6+ Rf7 36. Re1 Qf3+ 0-1

[Event "SW Autumn"]
[Site "?"]
[Date "2022.10.16"]
[Round "4"]
[White "Beeston, Darson"]
[Black "Reid, Curtis"]
[Result "1/2-1/2"]
[WhiteElo "1100"]
[BlackElo "1200"]
[PlyCount "98"]

1. d4 c5 2. d5 d6 3. c4 g6 4. e4 Bg7 5. Nc3 e6 6. Bd3 Bxc3+ 7. bxc3 e5 8. Ne2 Nf6 9. O-O O-O 10. Bg5 Nbd7 11. h4 Qc7 12. Ng3 h5 13. Be2 Ng4 14. Bxg4 hxg4 15. Qxg4 Nf6 16. Qf3 Nh7 17. Bh6 Re8 18. h5 g5 19. Nf5 f6 20. Rfe1 Bxf5 21. Qxf5 Qf7 22. g4 Re7 23. Rab1 Rb8 24. Rb5 b6 25. Reb1 Reb7 26. a4 a6 27. R5b2 Qe8 28. a5 b5 29. cxb5 Rxb5 30. Rxb5 axb5 31. a6 Qf7 32. Ra1 Ra8 33. a7 b4 34. cxb4 cxb4 35. Rb1 Rxa7 36. Rxb4 Ra8 37. Rb6 Rd8 38. Qg6+ Qxg6 39. hxg6 Nf8 40. Bxf8 Kxf8 41. Rb7 Kg8 42. Rf7 Kh8 43. Rxf6 Kg7 44. Re6 Rd7 45. Kg2 Kh6 46. Rf6 Kg7 47. Re6 Kh6 48. Kg3 Kg7 49. f3 Kh6 1/2-1/2

[Event "SW Autumn"]
[Site "?"]
[Date "2022.10.16"]
[Round "5"]
[White "Davies, Andrew"]
[Black "Penny, Liam"]
[Result "1/2-1/2"]
[WhiteElo "1124"]
[BlackElo "1811"]
[PlyCount "42"]

1. e4 d5 2. exd5 Nf6 3. d4 Bg4 4. Bb5+ Nbd7 5. Nf3 Nxd5 6. c4 N5b6 7. h3 Bxf3 8. Qxf3 c6 9. c5 cxb5 10. cxb6 Qxb6 11. O-O Qc6 12. d5 Qf6 13. Qe2 a6 14. Re1 g6 15. Nc3 Bg7 16. d6 Qxd6 17. Bf4 e5 18. Rad1 Qc6 19. Nd5 f6 20. Qg4 Rd8 21. Re2 Kf7 1/2-1/2

[Event "SW Autumn"]
[Site "?"]
[Date "2022.10.16"]
[Round "5"]
[White "Davies, Callum"]
[Black "Probert, Malcolm"]
[Result "1-0"]
[WhiteElo "1760"]
[BlackElo "1569"]
[PlyCount "47"]

1. e4 c6 2. d4 d5 3. e5 Na6 4. Nf3 Nc7 5. c4 g6 6. Be3 Bg7 7. h3 h5 8. Nc3 Nh6 9. Qb3 O-O 10. cxd5 cxd5 11. Be2 b6 12. Rd1 Bb7 13. g4 hxg4 14. hxg4 Nxg4 15. Bf4 Ne6 16. Bc1 f5 17. Ng1 Nxd4 18. Rxd4 Nxe5 19. Bg5 Nf7 20. Nxd5 Bxd5 21. Rxd5 Qc7 22. Be3 e6 23. Rd1 Ne5 24. Qxe6+ 1-0

[Event "SW Autumn"]
[Site "?"]
[Date "2022.10.16"]
[Round "5"]
[White "Hurn, Robert"]
[Black "Szakmany, Bence"]
[Result "0-1"]
[WhiteElo "1630"]
[BlackElo "1431"]
[PlyCount "120"]

1. d4 Nf6 2. c4 e6 3. Nc3 Bb4 4. e3 c5 5. a3 Bxc3+ 6. bxc3 Nc6 7. Ne2 d6 8. Ng3 b6 9. e4 O-O 10. Be2 e5 11. d5 Na5 12. O-O Ba6 13. f4 Bxc4 14. Bxc4 Nxc4 15. Qa4 Na5 16. fxe5 dxe5 17. Bg5 Qd7 18. Qd1 Ne8 19. Nf5 f6 20. Bh4 Nd6 21. Qg4 Nxf5 22. exf5 Qxd5 23. Rfd1 Qc6 24. Ra2 Rad8 25. Rad2 Rxd2 26. Rxd2 b5 27. Rd3 c4 28. Rg3 Qd7 29. h3 Nb3 30. Kh2 Nc5 31. Kg1 Kh8 32. Kh2 Rd8 33. a4 Nxa4 34. Qe4 Nc5 35. Qg4 a5 36. Qe2 a4 37. Qb2 Nd3 38. Qa3 Qd6 39. Qa2 a3 40. Qe2 Nf4 41. Qg4 Qe7 42. Re3 Nd5 43. Rg3 a2 44. Qd1 Nxc3 45. Qa1 b4 46. Rxc3 bxc3 47. Qxa2 Qd7 48. Qxc4 Rc8 49. Qf1 c2 50. Qc1 Qd1 51. Qa3 c1=Q 52. Qe7 Qc7 53. Qe6 Qdd6 54. Qb3 Rb8 55. Qe3 e4+ 56. Bg3 Qxg3+ 57. Qxg3 Qxg3+ 58. Kxg3 e3 59. Kf3 Re8 60. Ke2 g6 0-1